Simpsons Trivia - Season 5 - Statistics

General Stats
  • This quiz has been taken 151 times
  • The average score is 14 of 22
Answer Stats
Episode Question Answer % Correct
"Cape Feare" Who is released from prison because the parole board decides that "No one who speaks German could be a evil man"? Sideshow Bob
94%
"Homer's Barbershop Quartet" Who gets kicked out of the Be Sharps to make room for Barney? Chief Wiggum
89%
"Rosebud" What is Bobo? Teddy bear
88%
"$pringfield (Or, How I Learned to Stop Worrying and Love Legalized Gambling)" Because Marge is busy gambling, Homer utterly fails to make Lisa a costume representing which U.S. state? Florida
80%
"Marge on the Lam" Homer can't go to the ballet with Marge because he gets himself simultaneously stuck in two what? Vending machines
73%
"Bart Gets Famous" What is the catchphrase that makes Bart famous? "I didn't do it."
72%
"Homer Goes to College" Homer accidentally gets the nerds expelled for stealing what? The Springfield A&M mascot, Sir Oinks-a-Lot
72%
"Homer and Apu" What song does Apu sing in a deceitful attempt to convince the Simpsons he does not miss his job? "{Who} {Needs} the Kwik-E-Mart?"
72%
"Boy-Scoutz 'n the Hood" Bart joins the Junior Campers during a raging bender induced by drinking what? An all-syrup Squishee
71%
"The Boy Who Knew Too Much" Freddy Quimby allegedly savagely beat a waiter because he could not pronounce what word? Chowda
68%
"Bart Gets and Elephant" What does Bart name his elephant? Stampy
68%
"Lisa vs. Malibu Stacy" What groundbreaking strategy do the Malibu Stacy people come up with to compete against the Lisa Lionheart doll? She has a new {hat}
63%
"Bart's Inner Child" What object, acquired by Homer after Krusty the Clown phased it out of his act, injured countless neighborhood children? Trampoline
62%
"Sweet Seymour Skinner's Baadasssss Song" Skinner discovers that his idea for a novel, titled "Billy and the Cloneasaurus," has already been written. What was it called? Jurassic Park
58%
"Treehouse of Horror IV" Name a member of the "jury of the damned" from the trial for Homer's soul. Benedict Arnold / Lizzie Borden / Richard Nixon / John Wilkes Booth / John Dillinger / the 1976 Philadelphia Flyers
56%
"Deep Space Homer" What heroic object receives a tickertape parade for saving the space shuttle? An inanimate carbon rod
55%
"Burns' Heir" According to Homer, Mr. Burns' most intimidating attack animals are neither his dogs nor his bees, but what? {Dogs} with {bees} in their {mouths}
48%
"Homer the Vigilante" The cat burglar's greatest crime is stealing the world's largest what? Cubic zirconia
46%
"Secrets of a Successful Marriage" According to Reverend lovejoy, the Bible says that what is a sin? Going to the {bathroom}
44%
"Lady Bouvier's Lover" The end of the episode, where the old couple rides off in the back of a bus, parodies the end of which 1960's Best Picture nominee? The Graduate
42%
"The Last Temptation of Homer" Homer's guardian angel takes the form of which antagonist from a classic 60's TV show? Colonel Klink
40%
"Homer Loves Flanders" Overcome with feelings of interfamily unity, Homer proclaims that, in a more perfect world, we'd all be known as the what? Flimpsons
30%
No matching quizzes found
Score Distribution
Percent of People with Each Score
Percentile by Number Answered
Your Score History
You have not taken this quiz